| 000 | 00548nam a22001932 4500 | ||
|---|---|---|---|
| 001 | 0000002254 | ||
| 005 | 20170406114100.0 | ||
| 008 | 140303s xx 000 0 eng d | ||
| 020 | _c$ | ||
| 040 |
_aYour Holding Symbol _cYour Holding Symbol |
||
| 100 | 1 | _aSolomon,Ezra. | |
| 245 | 1 | 3 | _aAn introduction to financial management. |
| 250 | _a ed. | ||
| 260 |
_aCalfornia : _bGoodyear publishing company, _c1977. |
||
| 300 |
_a614 p. ; _c cm. |
||
| 504 | _aindex. | ||
| 650 | 0 | _abusiness enteprises finance. | |
| 908 | _a140303 | ||
| 999 |
_c2147 _d2147 |
||